Making public private partnerships work (Record no. 104625)
[ view plain ]
| 000 -LEADER | |
|---|---|
| fixed length control field | 00877cam a2200229 4500 |
| 001 - CONTROL NUMBER | |
| control field | ##L131068 |
| 008 - FIXED-LENGTH DATA ELEMENTS--GENERAL INFORMATION | |
| fixed length control field | 050923n2005 000 0 eng u |
| 020 ## - INTERNATIONAL STANDARD BOOK NUMBER | |
| International Standard Book Number | 056608645X |
| 035 ## - SYSTEM CONTROL NUMBER | |
| System control number | (Sirsi) u131068 |
| 041 0# - LANGUAGE CODE | |
| Language code of text/sound track or separate title | eng |
| 050 04 - LIBRARY OF CONGRESS CALL NUMBER | |
| Classification number | 336.39 $2 18 |
| -- | 338.730941 $2 22 |
| -- | 361.250941 $2 22 |
| 100 1# - MAIN ENTRY--PERSONAL NAME | |
| Personal name | Geddes, Michael |
| 245 00 - TITLE STATEMENT | |
| Title | Making public private partnerships work |
| Remainder of title | building relationships and understanding cultures |
| 260 3# - PUBLICATION, DISTRIBUTION, ETC. | |
| Place of publication, distribution, etc. | Aldershot |
| Name of publisher, distributor, etc. | Gower |
| Date of publication, distribution, etc. | 2005 |
| 300 ## - PHYSICAL DESCRIPTION | |
| Extent | ix, 137p. |
| Dimensions | 16cm. |
| 350 ## - PRICE (NR) (BK AM CF MU VM SE) [OBSOLETE] | |
| Price | 45 |
| 520 ## - SUMMARY, ETC. | |
| Summary, etc. | A guide to the processs behind multi sector partnerships including managing the partnership initially, the organizational structure, how to resource and staff the partnership and how to manage and communicate the performance of any partnership. |
| 590 ## - LOCAL NOTE (RLIN) | |
| Local note | IKA061205 |
| 690 ## - LOCAL SUBJECT ADDED ENTRY--TOPICAL TERM (OCLC, RLIN) | |
| Topical term or geographic name as entry element | MANAGEMENT-BUSINESS MANAGEMENT |
| 942 ## - ADDED ENTRY ELEMENTS (KOHA) | |
| Suppress in OPAC | 0 |
| Withdrawn status | Lost status | Damaged status | Not for loan | Home library | Current library | Shelving location | Date acquired | Cost, normal purchase price | Total Checkouts | Full call number | Barcode | Date last seen | Date last checked out | Copy number | Cost, replacement price | Price effective from | Koha item type | Source of classification or shelving scheme |
|---|---|---|---|---|---|---|---|---|---|---|---|---|---|---|---|---|---|---|
| Missing | London | London | Missing | 02/12/2005 | 38.25 | 2 | 336.39 GED | 30071380 | 06/08/2019 | 28/04/2006 | 1 | 38.25 | 06/08/2019 | Book | ||||
| London | London | Books | 12/07/2007 | 45.00 | 6 | 336.39 GED | 30074015 | 06/08/2019 | 14/05/2009 | 2 | 45.00 | 06/08/2019 | Book | Dewey Decimal Classification |